| 000 | 00806nam a22001337a 4500 | ||
|---|---|---|---|
| 040 | _cRUA | ||
| 082 | _aAGE MEY 2015 B509 Or. | ||
| 100 | _aMEY PHEARA; មីុ ភារ៉ា | ||
| 245 | _aEffects of blanching temperature and drying methods on piper nigrum quality in kampot pepper promotion association, kampongtrach district, kampot province; ឥទ្ធិពលនៃសីតុណ្ហភាពស្រុស និងវិធីសាស្ត្រសម្ងួតទៅលើគុណភាពម្រេចខ្មៅនៅសមាគមលើកកម្ពស់ម្រេចកំពត នៅស្រុកកំពង់ត្រាច ខេត្តកំពត | ||
| 260 |
_aRUA _bPhnom Penh _c2015 |
||
| 300 |
_ax; 49p. _bill. _c29cm. |
||
| 856 | _u MEY PHEARA | ||
| 942 | _cAGE | ||
| 999 |
_c9301 _d9301 |
||